|
|
|
|
| LEADER |
00000nam0a2200000 4500 |
| 001 |
318065 |
| 005 |
20231102003035.0 |
| 020 |
|
|
|a RU
|b 82-76099
|
| 035 |
|
|
|a (RuTPU)RU\TPU\book\343546
|
| 090 |
|
|
|a 318065
|
| 100 |
|
|
|a 20160419d1982 km a0rusy5003 ca
|
| 101 |
0 |
|
|a rus
|
| 102 |
|
|
|a RU
|
| 105 |
|
|
|a a z 001zd
|
| 200 |
1 |
|
|a Барокко в славянских культурах
|e сборник статей
|f Академия наук СССР (АН СССР), Институт славяноведения и балканистики (ИСБ) ; под ред. А. В. Липатова
|
| 210 |
|
|
|a Москва
|c Наука
|d 1982
|
| 215 |
|
|
|a 351 с.
|c ил.
|
| 320 |
|
|
|9 572
|a Библиография в примечаниях.
|
| 600 |
|
0 |
|a Симеон Полоцкий
|f 1629-1680
|c в миру Самуил Емельянович Петровский-Ситнианович
|c белорусский и русский общественный и церковный деятель
|c писатель
|c проповедник
|c поэт
|2 stltpush
|3 (RuTPU)RU\TPU\pers\9148
|
| 600 |
|
1 |
|a Тредиаковский
|b В. К.
|c русский поэт, филолог
|c академик Петербургской АН
|f 1703-1768
|g Василий Кириллович
|2 stltpush
|3 (RuTPU)RU\TPU\pers\18769
|9 7024
|
| 600 |
|
1 |
|a Ушаков
|b С. Ф.
|c русский живописец
|f 1626-1686
|g Симон Федорович
|c гравёр
|2 stltpush
|3 (RuTPU)RU\TPU\pers\20314
|
| 600 |
|
1 |
|a Растрелли
|g Бартоломео Карло
|b Б. К.
|c скульптор
|f 1675-1744
|c по происхождению итальянец
|2 stltpush
|3 (RuTPU)RU\TPU\pers\1357
|
| 606 |
1 |
|
|a Ренессанс
|2 stltpush
|3 (RuTPU)RU\TPU\subj\25050
|9 49296
|
| 610 |
1 |
|
|a Барокко
|
| 610 |
1 |
|
|a славянские народы
|
| 610 |
1 |
|
|a искусство
|
| 610 |
1 |
|
|a литература
|
| 610 |
1 |
|
|a история
|
| 610 |
1 |
|
|a 16 век
|
| 610 |
1 |
|
|a 17 век
|
| 610 |
1 |
|
|a 18 век
|
| 610 |
1 |
|
|a русская литература
|
| 610 |
1 |
|
|a географические сочинения
|
| 610 |
1 |
|
|a архитектура
|
| 610 |
1 |
|
|a поэзия
|
| 675 |
|
|
|a 7.034
|z rus
|v 3
|
| 702 |
|
1 |
|a Липатов
|b А. В.
|4 340
|
| 712 |
0 |
2 |
|a Академия наук СССР (АН СССР)
|b Институт славяноведения и балканистики (ИСБ)
|c (Москва)
|2 stltpush
|3 (RuTPU)RU\TPU\col\11355
|
| 801 |
|
0 |
|a RU
|b RuMRKP
|c 19950704
|g psbo
|
| 801 |
|
1 |
|a RU
|b 63413507
|c 20160419
|
| 801 |
|
2 |
|a RU
|b 63413507
|c 20200722
|g RCR
|
| 942 |
|
|
|c BK
|